LIBRARY & INFORMATION CENTRE, KCAET, TAVANUR

ONLINE PUBLIC ACCESS CATALOGUE (OPAC)

Land information and remote sensing for renewable resource management in sub saharan Africa / (Record no. 139)

MARC details
000 -LEADER
fixed length control field 00508cam a2200181ua 4500
041 ## - LANGUAGE CODE
Language code of text/sound track or separate title eng
082 ## - DEWEY DECIMAL CLASSIFICATION NUMBER
Classification number 333.715
Item number FAL/LA
100 ## - MAIN ENTRY--AUTHOR NAME
Personal name Falloux, Francois .
245 ## - TITLE STATEMENT
Title Land information and remote sensing for renewable resource management in sub saharan Africa /
250 ## - EDITION STATEMENT
Edition statement 1 /
260 ## - PUBLICATION, DISTRIBUTION, ETC. (IMPRINT)
Place of publication Washington :
Name of publisher The World Bank ,
Year of publication 1989.
300 ## - PHYSICAL DESCRIPTION
Number of Pages 70 ; .
942 ## - ADDED ENTRY ELEMENTS (KOHA)
Koha item type Books
Holdings
Withdrawn status Lost status Damaged status Home library Current library Date acquired Full call number Accession Number Koha item type
Withdrawn     KAUAET KAUAET 07/04/2012 333.715 17663 Books
free website counter